000 01363cam a2200373 a 4500
999 _c129604
_d129604
001 12726465
003 ARRUPE
005 20190521085837.0
008 010913s1998 rh b 000 0 eng
010 _a 2001311032
020 _a177905095X
020 _a1779051018 (cover)
035 _a(DLC) 2001311032
040 _aDLC
_cDLC
_dDLC
042 _alcode
043 _afs-----
050 0 0 _aJQ2720.A91
_bG68 1998
082 0 0 _a320.968
_221
245 0 0 _aGovernance and human development in southern in Africa /
_cIbbo Mandaza, editor.
246 1 4 _aGovernance & human development southern in Africa
260 _aMount Pleasant, Harare, Zimbabwe :
_bSapes Books,
_c1998.
300 _axiv, 231 p. ;
_c21 cm.
440 0 _aSouthern Africa specialised studies series
_923046
500 _a"Selected essays"--Cover.
500 _a"SAPES Trust"--P. [4] of cover.
504 _aIncludes bibliographical references.
650 0 _aCivil society
_zAfrica, Southern.
_99027
650 0 _aHuman services
_zAfrica, Southern.
_924754
651 0 _aAfrica, Southern
_xPolitics and government
_y1994-
_946399
700 1 _aMandaza, Ibbo.
_923206
906 _a7
_bcbc
_corigode
_d3
_encip
_f20
_gy-gencatlg
942 _2lcc
_cMONOGRAPH